Normale Ansicht MARC-Ansicht ISBD

Raumkonfigurationen in der Romantik : (Titelsatznr. 12526)

[ MARC ]
MARC-Details
000 -Satzkennung
Kontrollfeld mit fester Länge 01337nam a22003491c 4500
001 - Kontrollnummer
Kontrollfeld a987681085
008 - Feld mit fester Länge zur physischen Beschreibung - Allgemeine Angaben
Kontrollfeld mit fester Länge 161209s2009 gw |||| 000u ger d
020 ## - Internationale Standardbuchnummer
Internationale Standardbuchnummer 9783110231007
-- 3-11-023100-x
Verknüpfung 978-3-11-023100-7
041 ## - Sprachcode
Sprachcode des Textes/der Tonspur oder des separaten Titels ger
040 ## - Katalogisierungsquelle
Übertragungsstelle RU-10907106
003 - Kontrollnummer Identifier
Kontrollfeld RU-10907106
245 00 - Titel
Titel Raumkonfigurationen in der Romantik :
Zusatz zum Titel Eisenacher Kolloquium der Internationalen Arnim-Gesellschaft /
Verfasserangabe etc. herausgegeben von Walter Pape
246 10 - Titelvarianten
Hauptsachtitel/Kurztitel Eisenacher Kolloquium der Internationalen Arnim-Gesellschaft
264 ## - Produktion, Veröffentlichung, Distribution, Herstellung und Urheberrechtsvermerk
Herstellungs-, Veröffentlichungs- Vertriebs-, Erzeugungsort Tübingen :
Produzent, Herausgeber, Distributor, Hersteller Max Niemeyer Verlag,
Datum der Herstellung, der Veröffentlichung, des Vertriebs oder des Urheberschutzvermerks 2009
300 ## - Physische Beschreibung
Umfang XIII, 302 S.
336 ## - Inhaltstyp
Inhaltstypterm Text
Inhaltstypcode txt
Quelle rdacontent
337 ## - Medientyp
Bezeichnung des Medientyps Computermedien
Medientypcode c
Quelle rdamedia
338 ## - Datenträgertyp
Datenträgertypbezeichnung Online-Ressource
Datenträgertypcode cr
Quelle rdacarrier
490 #0 - Gesamttitelangabe
Gesamttitelangabe Schriften der Internationalen Arnim-Gesellschaft
Bandnummer/Folgebezeichnung Bd. 7.
500 ## - Allgemeine Fußnote
Allgemeine Fußnote E-Book-ProQuest / Fernzugriff nach Registrierung möglich
500 ## - Allgemeine Fußnote
Allgemeine Fußnote Includes bibliographical references and index
648 #0 - Nebeneintragung unter einem Schlagwort - Zeitschlagwort
Zeitschlagwort 1790-1830
650 #0 - Nebeneintragung unter einem Schlagwort - Sachschlagwort
Sachschlagwort oder geografischer Name als Eintragungselement Deutsch
650 #0 - Nebeneintragung unter einem Schlagwort - Sachschlagwort
Sachschlagwort oder geografischer Name als Eintragungselement Literatur
650 #0 - Nebeneintragung unter einem Schlagwort - Sachschlagwort
Sachschlagwort oder geografischer Name als Eintragungselement Raum <Motiv>
650 #0 - Nebeneintragung unter einem Schlagwort - Sachschlagwort
Sachschlagwort oder geografischer Name als Eintragungselement Romantik
655 #0 - Indexierungsterm - Genre/Form
Genre/Form oder fokussierter Term Fernzugriff
700 1# - Nebeneintragung - Personenname
Personenname Pape, Walter
Funktionsbezeichnung HerausgeberIn
711 2# - Nebeneintragung - Kongressname
Kongress- oder Gebietskörperschaftsname als Eintragungselement Eisenacher Glasgower Kolloquium der Internationalen Arnim-Gesellschaft (2008)
856 4# - Elektronische Adresse und Zugriff
URL <a href="http://ebookcentral.proquest.com/lib/maxweberstiftung-ebooks/detail.action?docID=555772">http://ebookcentral.proquest.com/lib/maxweberstiftung-ebooks/detail.action?docID=555772</a>
942 ## - Zusätzliche Felder (Koha)
Koha-Medientyp E-Books
Exemplare
Ausgeschieden Verloren Beschädigt Nicht entleihbar Heimatbibliothek Aufenthaltsbibliothek Aufstellungsort Erwerbungsdatum Inventarnummer Signatur Barcode Letzte Aktivität Preis gültig von Koha-Medientyp
        MWN Osteuropa MWN Osteuropa Online-Ressource 09/12/2016 16-e00219 E-16-e00219 | D 41 v Pap 12528 18/03/2021 22/03/2021 E-Books